| 000 | 00374nam a2200157Ia 4500 | ||
|---|---|---|---|
| 008 | 160316s2000 xxu||||| |||| 00| 0 eng d | ||
| 082 |
_a344.046000 _bPRA |
||
| 100 | _aPrathapan B | ||
| 245 | _aSteps to make inter-state santuary | ||
| 250 | _a | ||
| 260 |
_a _bThe Hindu _c2000 |
||
| 300 |
_a1 _b _c |
||
| 365 | _b | ||
| 650 | _a1. Tiger reserve-sanctuary | ||
| 700 |
_a _a |
||
| 999 |
_c41225 _d41225 |
||